000 00514nam a2200157Ia 4500
008 210716s2009 xx 000 0 und d
020 _a9788132100881
041 _aeng
082 _a658.409 WERW
100 _aWerther, William B;Chandler, David.
245 _aStrategic corporate social responsibility: stakeholders in a global environment.
_bStakeholders in a global environment.
250 _a2
260 _aNew Delhi
_bSage Publications
_c2009
300 _axxxii,413/2010
650 _aStrategic Management
999 _c211167
_d211167